| 000 | 00988nam a2200253Ia 4500 | ||
|---|---|---|---|
| 003 | OSt | ||
| 005 | 20220918112027.0 | ||
| 006 | a|||||r|||| 00| 0 | ||
| 007 | ta | ||
| 008 | 220915b |||||||| |||| 00| 0 hin d | ||
| 024 | _a44213 | ||
| 037 | _cTextbook | ||
| 040 |
_bhin _aARTS _cARTS |
||
| 041 | _ahin | ||
| 082 | _aO15,3D60,1, 152L3.2 (EPS) | ||
| 100 |
_aमिश्र, रामचन्द्र, व्याख् _911652 |
||
| 245 | 0 | _aकादम्बरी: महाकवि बाणभट्ट विरचित | |
| 246 | _aKādambarī: mahākavi bāṇabhaṭṭa virachita | ||
| 260 |
_aवाराणसी _bचौखम्बा संस्कृत सीरीज भारत _c1973 |
||
| 300 |
_a223पण् _ccm. |
||
| 650 | _aहिन्दी साहित्य | ||
| 942 |
_hO15,3D60,1, 152L3.2 (EPS) _cTB _2CC |
||
| 999 |
_c117948 _d117948 |
||